Central Library OPAC University of Rajshahi

Islam / (Record no. 4930)

MARC details
000 -LEADER
fixed length control field 00714nam a22002411a 4500
001 - CONTROL NUMBER
control field 4930
003 - CONTROL NUMBER IDENTIFIER
rucl marc code BD-RjUL
005 - DATE AND TIME OF LATEST TRANSACTION
control field 20211208233959.0
008 - FIXED-LENGTH DATA ELEMENTS--GENERAL INFORMATION
fixed length control field 171101s1938 nyu 000 0 eng
035 ## - SYSTEM CONTROL NUMBER
System control number (BD-RjUL)4966
040 ## - CATALOGING SOURCE
Original cataloging agency DLC
Transcribing agency OClW
Modifying agency OCoLC
-- BD-RjUL
Language of cataloging eng
041 ## - LANGUAGE CODE
Language code of text/sound track or separate title eng
082 ## - DEWEY DECIMAL CLASSIFICATION NUMBER
Edition number 23
Classification number 297
Author mark and year MAI 1938
100 1# - MAIN ENTRY--PERSONAL NAME
Personal name Massé, Henri
9 (RLIN) 47013
111 ## - MAIN ENTRY--MEETING NAME
Meeting name or jurisdiction name as entry element Paris Peace Conference
9 (RLIN) 219362
245 ## - TITLE STATEMENT
Title Islam /
Statement of responsibility, etc. by Henri Masse ; translated from the French by Halide Edib.
260 ## - PUBLICATION, DISTRIBUTION, ETC. (IMPRINT)
Place of publication, distribution, etc. New York :
Name of publisher, distributor, etc. G.P. Putnam,
Date of publication, distribution, etc. c1938
300 ## - PHYSICAL DESCRIPTION
Pagination 270 p. ;
Size 21 cm.
504 ## - BIBLIOGRAPHY, ETC. NOTE
Bibliography, etc Includes bibliographical references and index
650 ## - SUBJECT ADDED ENTRY--TOPICAL TERM
Topical term or geographic name as entry element Islam
9 (RLIN) 219360
700 ## - ADDED ENTRY--PERSONAL NAME
Personal name Edib, Halide, tr.
942 ## - ADDED ENTRY ELEMENTS (KOHA)
Source of classification or shelving scheme Dewey Decimal Classification
Koha item type Rare Books
Holdings
Lost status Source of classification or shelving scheme Damaged status Not for loan Collection code Permanent Location Current Location Shelving location Date acquired Cost, normal purchase price Total Checkouts Full call number Date last seen Copy number Koha item type
  Dewey Decimal Classification   Not For Loan Rare Books Central Library, University of Rajshahi Central Library, University of Rajshahi Rare Book Section 01/12/1966 14.40   RA 297 MAI 1938 01/11/2017 C-1 Rare Books